All Disney World Rides of all time - Statistics

General Stats
  • This quiz has been taken 71 times
  • The average score is 38 of 91
Answer Stats
Open-Close Type Park Answer % Correct
1971-Now Boat Ride Magic Kingdom Jungle Cruise
76%
1975-Now Coaster Magic Kingdom Space Mountain
76%
1992-2023 Logfloom Magic Kingdom Splash Mountain
76%
1973-Now Boat RIde Magic Kingdom Pirates of the Caribbean
71%
1971-Now Carousel Magic Kingdom Prince Charming's Regal Carousel
71%
1979-Now Coaster Magic Kingdom Big Thunder Mountain
68%
1971-Now Boat Ride Magic Kingdom It's a Small World
68%
1971-Now Spinner Magic Kingdom Mad Tea Party
68%
1971-Now Suspended Dark Ride Magic Kingdom Peter Pan's Flight
68%
2023-Now Coaster Magic Kingdom Tron Lightcycle Power Run
68%
1971-Now Dark Ride Magic Kingdom Haunted Mansion
66%
1975-Now Dark RIde Magic Kingdom Tomorrowland Transit Authority People Mover
66%
2014-Now Coaster Magic Kindom Seven Dwarfs Mine Train
63%
2005-Now Simulator Epcot Soarin
61%
1999-Now Dark Ride/ Coaster Epcot Test Track
61%
1971-Now Go cart ride Magic Kingdom Tomorrowland Speedway
61%
1999-Now Dark Ride Magic Kingdom The Many Adventures of Winnie the Pooh
59%
1974-Now Spinner Ride Magic Kingdom Astro Orbiter
56%
1998-Now EMV Animal Kingdom Dinosaur
56%
2016-Now Boat Ride Epcot Frozen Ever After
56%
1971-Now Transportation Almost All Parks Monorail
56%
1994-Now Drop Ride Hw Studios The Twilight Zone Tower of Terror
56%
1998-Now Dark Ride Magic Kingdom Buzz Lightyear's Space Ranger Spin
54%
1971-Now Spinner Magic Kingdom Dumbo the Flying Elephant
54%
2006-Now Coaster Animal Kingdom Expedition Everest
54%
2022-Now Coaster Epcot Guardians of the Galaxy: Cosmic Rewind
54%
1982-Now Dark Ride Epcot Journey into Imagination/ Journey through YOUR Imagination/ Journey into Imagination with Figment
54%
1982-Now Boat Ride Epcot Living With the Land/ Listen To the Land
54%
2020-Now Trackless Ride System Hw Studios Mickey and Minnie's Runaway Railway
54%
2003-Now Centrifuge Simulator Epcot Mission Space
54%
2019-Now Trackless Ride System Hw Studios Star Wars: Rise of the Resistance
54%
2012-Now Dark Ride Magic Kingdom The Little Mermaid - Ariel's Undersea Adventure
54%
2017-Now Simulator Animal Kingdom Avatar Flight of Passage
51%
1971-Now Ride/ Transportation Magic Kingdom Disney World Railroad
51%
2021-Now Trackless Ride System Epcot Remy's Ratatouille Adventure
51%
2018-Now Coster Hw Studios Slinky Dog Dash
51%
2012-Now Coaster Magic Kingdom The Barnstormer
51%
2007-Now Dark Ride Epcot The Living Seas with Nemo and Friends
51%
2008-Now Dark Ride Hw Studios Toy Story Midway Mania
51%
2017-Now Boat Ride Animal Kingdom Na'vi River Journey
49%
1982-Now Dark Ride Epcot Space Ship Earth
49%
1987-Now Simulator Hw Studios Startours
49%
1989-2017 Dark Ride Hw Studios The Great Movie Ride
49%
2019-Now Simulator Hw Studios Star Wars: Millennium Falcon – Smugglers Run
46%
1975-Now Show Magic Kingdom Walt Disney's Carousel of Progress
46%
2019-Now Trasnportation Almost All Parks Disney Skyliner
41%
2003-Now Show Magic Kingdom Mickey's PhilharMagic
41%
1971-1998 Dark Ride Magic Kingdom Mr. Toad's Wild Ride
41%
1971-1997,2011-Now Show Magic Kingdom Walt Disney's Enchanted Tiki Room
41%
1971-Now Show Magic Kingdom Country Bear Jamboree
39%
2007-Now Boat Ride Epcot Gran Fiesta Tour Starring The Three Caballeros
39%
1999-Now Coaster Hw Studios Rock 'n' Roller Coaster Starring Aerosmith
39%
2001-Now Spinner Magic Kingdom The Magic Carpets of Aladdin
39%
2018-Now Spinner Hw Studios Alien Swirling Saucers
37%
1989-Now Show Hw Sudios Indiana Jones Epic Stunt Spectacular
37%
1999-Now Ride Animal Kingdom Kali River Rapids
37%
1998-Now Truck Animal Kingdom Kilimanjaro Safaris
37%
2007-Now Show Magic Kingdom Monsters Inc Laugh Floor
37%
1971-Now Show Magic Kingdom The Hall of Presidents
37%
1986-2005 Dark Ride/ Pavilion Epcot The Living Seas
37%
2023-Now Walk through atraction Epcot Journey of Water, Inspired by Moana
34%
1988-2014 Boat Ride Epcot Maelstrom
34%
1971-Now Walkthrough Magic Kingdom Swiss Family Tree House
34%
1998-Now Show Animal Kingdom It's Tough to Be a Bug
32%
1994-2002 Show Magic Kingdom Legend of the Lion King
32%
1989-2014 Tram Hw Sudios Studio Backlot Tour
29%
2002-Now Spinner Animal Kingdom Triceratops Spin
29%
1998-Now Show Hw Studios Fantasmic
27%
1991-Now Show Hw Studios Muppet Vision 3D
27%
2002-2020 Coaster Animal Kingdom Primeval Whirl
27%
1971-1994 Submarine Magic Kingdom 20,000 Leagues Under the Sea: Submarine Voyage
24%
1982-1996 Dark Ride/Show Epcot Universe of Energy
24%
1989-2007 Simulator Epcot Body Wars
22%
1996-2017 Dark Ride/ Show Epcot Ellen's Energy Adventure
22%
1995-2003 Show Magic Kingdom ExtraTERRORestrial Alien Encounter
22%
1983-1999 Suspended Dark Ride Epcot Horizons
20%
1989-2007 Show Epcot Cranium Command
17%
2004-2018 Show Magic Kingdom Stiches Great Escape
17%
1982-1996 Dark Ride Epcot World of Motion
17%
1982-2007 Boat RIde Epcot El Rio del Tiempo
15%
1994-2004 Show Epcot Food Rocks
15%
1972-1998 Dark Ride Magic Kingdom If You Had Wings
15%
1982-1994 Show Epcot Kitchen Kabaret
15%
1982-Now Show Epcot The American Adventure
15%
2002-2020 Show Hw Studios Lights, Motors, Action!: Extreme Stunt Show
12%
1971-1980 Show Magic Kingdom Mickey Mouse Revue
12%
1975-1992 Show Magic Kingdom Mission to Mars
12%
1998-2011 Show Magic Kingdom The Enchanted Tiki Room (Under New Management)
12%
1989-1998 Dark Ride Magic Kingdom Delta Dream Flight
10%
1987-1993 Show Magic Kingdom Magic Journeys
7%
1996-2006 Show Magic Kingdom The Time Keeper
7%
No matching quizzes found
Score Distribution
Percent of People with Each Score
Percentile by Number Answered
Your Score History
You have not taken this quiz